000 00324nam a2200109Ia 4500
008 230907s9999||||xx |||||||||||||| ||und||
082 _a530.41
_bSPR
245 0 _aSpringer handbook of condensed matter and materials data /
260 _aSpringer,
_bHeidelberg ; | New York :
_c2005
300 _axviii, 1120 p. :
942 _cBK
999 _c599285
_d599285